000 00526cam a22002054a 4500
005 20250605164311.0
008 250528s ||||||||||||||||||||||||d
035 _a22472
020 _a9602862861339
040 _aGR-AtMCL
_bgre
_dGR-AtMCL
_eAACR2
245 1 _aΣΤΑΤΙΣΤΙΚΗ ΕΠΙΧΕΙΡΗΣΕΩΝ
250 _a1
260 _bΈλλην,
_c1994
300 _a329
700 1 _aΔροσος Γ
_98291
700 1 _aΚαραπιστολης Δ
_98292
942 _cBK
999 _c7524
_d7524